कदंब (Record no. 427315)

MARC details
000 -LEADER
fixed length control field 00376nam a2200145Ia 4500
008 - FIXED-LENGTH DATA ELEMENTS--GENERAL INFORMATION
fixed length control field 100122s9999 xx 000 0 und d
082 ## - DEWEY DECIMAL CLASSIFICATION NUMBER
Item number 49192
Classification number 824
100 ## - MAIN ENTRY--PERSONAL NAME
Personal name भागवत दुर्गा
245 ## - TITLE STATEMENT
Title कदंब
260 ## - PUBLICATION, DISTRIBUTION, ETC. (IMPRINT)
Name of publisher, distributor, etc अथेना प्रकाशन
Date of publication, distribution, etc 1993
300 ## - PHYSICAL DESCRIPTION
Extent 154
630 ## - SUBJECT ADDED ENTRY--UNIFORM TITLE
Uniform title कदंब
730 ## - ADDED ENTRY--UNIFORM TITLE
Uniform title कदंब
942 ## - ADDED ENTRY ELEMENTS (KOHA)
Koha item type Book
Holdings
Withdrawn status Lost status Damaged status Not for loan Home library Current library Date acquired Cost, normal purchase price Total Checkouts Full call number Barcode Date last seen Cost, replacement price Price effective from Koha item type Public note
        S.V. Pathak Library, Vile Parle S.V. Pathak Library, Vile Parle 02/09/1994 85.00   49192 SVPPARLE-49192 01/25/2010 85.00 01/25/2010 Book General NA